| 000 | 01880cam a22004811i 4500 | ||
|---|---|---|---|
| 001 | 16299351 | ||
| 003 | EG-GICUC | ||
| 005 | 20260428131051.0 | ||
| 008 | 100623s2009 caua jr 001 0 eng d | ||
| 020 |
_a9781430224297 _qpbk. |
||
| 020 |
_a1430224290 _qpbk. |
||
| 020 |
_a9781430224303 _qebk. |
||
| 035 | _a16299351 | ||
| 035 | _a(OCoLC)318877604 | ||
| 040 |
_aBTCTA _cBTCTA _dCDX _dBWX _dYDXCP _dIXA _dDLC _dEG-GICUC _erda |
||
| 050 | 0 | 0 |
_aQA76.575 _b.G526 2009 |
| 082 | 0 | 4 |
_a005.276 _221 _bG345 |
| 092 | 0 | 4 |
_221 _a005.276 _bG345 |
| 099 | _a005.276 G345 | ||
| 100 | 1 |
_aGhoda, Ashish. _eمؤلف. |
|
| 245 | 1 | 0 |
_aAccelerated Silverlight 3 / _cAshish Ghoda and Jeff Scanlon. |
| 264 |
_aBerkeley, CA : _bApress ; _bNew York : _bDistributed to the book trade worldwide by Springer-Verlag New York, _cc2009. |
||
| 300 |
_axxvi, 484 pages. : _billustration. ; _c24 cm. |
||
| 336 |
_atext _2rdacontent |
||
| 337 |
_aComputer _2rdamedia |
||
| 338 |
_aonline recourse _2rdacarrier |
||
| 490 | 0 | _aThe expert's voice in Silverlight | |
| 500 | _aIncludes index. | ||
| 520 | _aLooks at the features and capabilities of Silverlight 3, covering such topics as creating user interfaces, network communications, working with data, animation, extending the user interface, and security. | ||
| 541 |
_aوزارة الثقافة ؛ _bالقاهرة ؛ _cإهداء ؛ _d2023. |
||
| 630 | 0 | 0 | _aSilverlight (Electronic resource) |
| 630 | 0 | 7 |
_aSilverlight (Electronic resource) _2sears |
| 650 | 0 | _aMultimedia systems. | |
| 650 | 0 | _aUser interfaces (Computer systems) | |
| 650 | 0 |
_aApplication software _xDevelopment. |
|
| 650 | 7 |
_aMultimedia. _2sears |
|
| 650 | 7 |
_aWeb sites _xDesign. _2sears |
|
| 650 | 7 |
_aApplication software _xDesign. _2sears |
|
| 700 | 1 | _aScanlon, Jeff. | |
| 905 | _aSamah | ||
| 942 |
_2ddc _cBK _e21 _n0 |
||
| 999 |
_c179781 _d179781 |
||